| 000 -LEADER |
| fixed length control field |
00729nam a22001937a 4500 |
| 003 - CONTROL NUMBER IDENTIFIER |
| control field |
0 |
| 005 - DATE AND TIME OF LATEST TRANSACTION |
| control field |
20251106133022.0 |
| 008 - FIXED-LENGTH DATA ELEMENTS--GENERAL INFORMATION |
| fixed length control field |
251106b xxu||||| |||| 00| 0 eng d |
| 020 ## - INTERNATIONAL STANDARD BOOK NUMBER |
| International Standard Book Number |
978-0-06-304096-0 |
| 050 ## - LIBRARY OF CONGRESS CALL NUMBER |
| Classification number |
HV 6322.7 |
| Item number |
.A339 2019 |
| 100 ## - MAIN ENTRY--PERSONAL NAME |
| Personal name |
Albom, Mitch, |
| Relator term |
author. |
| 245 ## - TITLE STATEMENT |
| Title |
Finding Chika : |
| Remainder of title |
a little girl, an earthquake, and the making of a family / |
| Statement of responsibility, etc |
Mitch Albom. |
| 260 ## - PUBLICATION, DISTRIBUTION, ETC. (IMPRINT) |
| Place of publication, distribution, etc |
New York : |
| Name of publisher, distributor, etc |
Harper, |
| Date of publication, distribution, etc |
2019. |
| 300 ## - PHYSICAL DESCRIPTION |
| Extent |
243 pages : |
| Other physical details |
illustrations ; |
| Dimensions |
17 cm. |
| 520 ## - SUMMARY, ETC. |
| Summary, etc |
A memoir of a Haitian orphan named Chika, taken in by the author and his wife, exploring love, illness, and family. |
| 650 ## - SUBJECT ADDED ENTRY--TOPICAL TERM |
| Topical term or geographic name as entry element |
Adopted children |
| Geographic subdivision |
Haiti |
| Form subdivision |
Biography. |
| 650 ## - SUBJECT ADDED ENTRY--TOPICAL TERM |
| Topical term or geographic name as entry element |
Earthquake victims |
| Geographic subdivision |
Haiti |
| Form subdivision |
Biography. |
| 942 ## - ADDED ENTRY ELEMENTS (KOHA) |
| Source of classification or shelving scheme |
|
| Koha item type |
Books |